[Event "Outaouais ferme"]
[Site "Gatineau CAN"]
[Date "2003.05.17"]
[Round "6"]
[White "Levesque, Andre"]
[Black "Ethier, Valori"]
[Result "1-0"]
[WhiteElo "1320"]
[BlackElo "1474"]
[PlyCount "111"]
[EventDate "2003.04.29"]
[EventType "swiss"]
[EventRounds "6"]
[EventCountry "CAN"]

1. e4 c6 2. d4 d5 3. Nc3 dxe4 4. Nxe4 Nd7 5. Nf3 Ngf6 6. Bd3 Nxe4 7. Bxe4 Nf6
8. Bd3 Bg4 9. c3 e6 10. O-O Be7 11. Re1 O-O 12. h3 Bxf3 13. Qxf3 h6 14. Bf4 Bd6
15. Bxd6 Qxd6 16. Rad1 Qc7 17. c4 Rfd8 18. b3 Rd7 19. Re2 Rad8 20. Red2 Kf8 21.
Bc2 Qa5 22. a4 Qb6 23. Qe3 Qc7 24. g4 Qd6 25. f4 Qe7 26. Re1 c5 27. Red1 cxd4
28. Qe5 Qd6 29. Re1 Qxe5 30. fxe5 Nh7 31. Bxh7 g6 32. Kf2 Kg7 33. Bxg6 fxg6 34.
Kf3 g5 35. Rf1 Rf7+ 36. Kg2 Rxf1 37. Kxf1 Rf8+ 38. Rf2 Rd8 39. Ke2 Kg6 40. Rf6+
Kg7 41. Rxe6 Rf8 42. Rd6 Rf4 43. Rd7+ Kf8 44. Rxb7 Re4+ 45. Kd3 Re3+ 46. Kxd4
Rxh3 47. b4 Rg3 48. c5 Rxg4+ 49. Kd5 Rf4 50. a5 g4 51. c6 Rf2 52. c7 Rc2 53.
Rb8+ Kg7 54. c8=Q Rxc8 55. Rxc8 h5 56. e6 1-0

[Event "Pan-Am-ch U16 qual."]
[Site "Shawinigan CAN"]
[Date "2003.01.02"]
[Round "1"]
[White "Lemire-Paquin, Alexandre"]
[Black "Clyde, Jordan"]
[Result "1-0"]
[WhiteElo "1599"]
[BlackElo "2006"]
[PlyCount "131"]
[EventDate "2003.01.02"]
[EventType "tourn"]
[EventRounds "4"]
[EventCountry "CAN"]

1. e4 g6 2. d4 d6 3. c4 Nd7 4. Nc3 e5 5. d5 a5 6. Be3 Ne7 7. Bd3 b6 8. Nge2 Nc5
9. O-O Nxd3 10. Qxd3 Bg7 11. Qc2 f5 12. f3 f4 13. Bf2 Bd7 14. b3 g5 15. a3 Ng6
16. b4 g4 17. Kh1 h5 18. Rab1 h4 19. Be1 Qg5 20. Ng1 gxf3 21. Nxf3 Qf6 22. h3
axb4 23. axb4 Kf7 24. Bf2 Bf8 25. Ra1 Be7 26. Ra2 Rhb8 27. Rfa1 Qh8 28. Ne2 Qc8
29. c5 Rxa2 30. Rxa2 bxc5 31. bxc5 Bxh3 32. cxd6 cxd6 33. Qxc8 Bxc8 34. Kh2 Bg4
35. Neg1 Rb4 36. Nd2 Bd7 37. Ngf3 Ra4 38. Rb2 Bg4 39. Rb7 Bxf3 40. gxf3 Ra2 41.
Be1 Ra1 42. Rb1 Rxb1 43. Nxb1 Nf8 44. Kh3 Ng6 45. Nc3 Bf6 46. Nb5 Ke7 47. Bb4
Kd7 48. Bxd6 Be7 49. Bxe7 Kxe7 50. Na3 Kd6 51. Nb5+ Kd7 52. Kg4 Ke7 53. Nc7 Kd6
54. Ne6 Ke7 55. Ng7 Kd6 56. Nf5+ Kc5 57. Nxh4 Ne7 58. Nf5 Nc8 59. Kg5 Kc4 60.
Kf6 Kd3 61. Kxe5 Kc4 62. Kxf4 Kc5 63. Ke5 Nb6 64. Ke6 Nc8 65. e5 Nb6 66. d6 1-0

[Event "Pan-Am-ch U18 qual."]
[Site "Shawinigan CAN"]
[Date "2003.01.02"]
[Round "1"]
[White "McAlpin, John-Francis"]
[Black "Simard, Remi"]
[Result "1-0"]
[WhiteElo "1974"]
[BlackElo "1166"]
[PlyCount "65"]
[EventDate "2003.01.02"]
[EventType "tourn"]
[EventRounds "4"]
[EventCountry "CAN"]

1. d4 Nf6 2. c4 g6 3. Nc3 Bg7 4. e4 d6 5. f3 Nbd7 6. Be3 e5 7. d5 O-O 8. Bd3
Ne8 9. Nge2 f5 10. O-O f4 11. Bf2 g5 12. Nc1 a5 13. Rb1 Nc5 14. Be2 Rf7 15. a3
b6 16. b4 Nb7 17. Nd3 Bf8 18. Na4 Qf6 19. c5 dxc5 20. bxc5 Nxc5 21. Naxc5 bxc5
22. Nxc5 h5 23. Qa4 Nd6 24. Qc6 Ra7 25. Rb8 Qe7 26. Rfb1 Rf6 27. Qa4 c6 28.
dxc6 Rc7 29. Na6 Bxa6 30. Bxa6 Ne8 31. Bc4+ Kh8 32. Bd5 Nd6 33. Qxa5 1-0

[Event "Pan-Am-ch U18 qual."]
[Site "Shawinigan CAN"]
[Date "2003.01.02"]
[Round "2"]
[White "Simard, Remi"]
[Black "Charbonneau, Anne-Marie"]
[Result "0-1"]
[WhiteElo "1166"]
[BlackElo "1900"]
[PlyCount "136"]
[EventDate "2003.01.02"]
[EventType "tourn"]
[EventRounds "4"]
[EventCountry "CAN"]

1. d4 Nf6 2. c4 e6 3. Nc3 d5 4. Nf3 Be7 5. Bf4 O-O 6. e3 c5 7. Be2 dxc4 8. Bxc4
Qb6 9. Qc2 Bd7 10. O-O Rc8 11. Qb3 cxd4 12. Nxd4 Qc5 13. Bxb8 Raxb8 14. Be2 e5
15. Nf3 Be6 16. Qa4 a6 17. Ng5 Bd7 18. Qb3 Be8 19. Rac1 Qa7 20. Bc4 Rxc4 21.
Qxc4 b5 22. Qb3 Ng4 23. Nf3 Bc5 24. Nd5 h6 25. h3 Nf6 26. Nxe5 Nd7 27. Nc6 Qa8
28. Nxb8 Qxb8 29. Rc2 Qe5 30. Nf4 Bd6 31. Rd1 g5 32. Rd5 Qe7 33. Nh5 Be5 34.
Rc6 f6 35. Qc2 Bxh5 36. Rc8+ Kg7 37. Qc6 Be8 38. Rxe8 Qxe8 39. Qxd7+ Qxd7 40.
Rxd7+ Kg6 41. b3 Bc3 42. Ra7 a5 43. Rb7 b4 44. Rb5 Kf7 45. Rxa5 Ke6 46. Kf1 Kd6
47. Ke2 Kc6 48. Kf3 h5 49. Ke4 h4 50. Kd3 Kb6 51. Rd5 Kc6 52. Rd8 Kc5 53. Rc8+
Kd5 54. Rxc3 bxc3 55. Kxc3 Kc5 56. b4+ Kb5 57. a3 f5 58. Kb3 g4 59. hxg4 fxg4
60. a4+ Kb6 61. a5+ Kb5 62. e4 h3 63. gxh3 gxh3 64. e5 h2 65. e6 h1=Q 66. e7
Qf3+ 67. Kb2 Qf6+ 68. Kb3 Qxe7 0-1

[Event "Pan-Am-ch U18 qual."]
[Site "Shawinigan CAN"]
[Date "2003.01.02"]
[Round "2"]
[White "Wang, Hao Yuan"]
[Black "McAlpin, John-Francis"]
[Result "1-0"]
[WhiteElo "2275"]
[BlackElo "1974"]
[PlyCount "69"]
[EventDate "2003.01.02"]
[EventType "tourn"]
[EventRounds "4"]
[EventCountry "CAN"]

1. e4 c5 2. Nf3 d6 3. d4 cxd4 4. Nxd4 Nf6 5. Nc3 g6 6. Be3 Bg7 7. f3 O-O 8. Qd2
Nc6 9. O-O-O Bd7 10. g4 Rc8 11. h4 h5 12. gxh5 Nxh5 13. Nxc6 Rxc6 14. Bd4 a6
15. Bxg7 Kxg7 16. Nd5 e6 17. Nb4 Rb6 18. Nd3 Qc7 19. Nf4 Rh8 20. Nxh5+ Rxh5 21.
Bh3 Rhb5 22. b3 a5 23. h5 a4 24. Kb2 axb3 25. cxb3 Qc4 26. Qe3 Ra6 27. Rd2 Qc5
28. Qxc5 Rxc5 29. hxg6 fxg6 30. Rhd1 Rcc6 31. Bf1 Rab6 32. a4 d5 33. exd5 exd5
34. Rxd5 Be6 35. Rb5 1-0

[Event "Pan-Am-ch U18 qual."]
[Site "Shawinigan CAN"]
[Date "2003.01.02"]
[Round "3"]
[White "Simard, Remi"]
[Black "Vincent, Jonathan"]
[Result "1-0"]
[WhiteElo "1166"]
[BlackElo "1586"]
[PlyCount "73"]
[EventDate "2003.01.02"]
[EventType "tourn"]
[EventRounds "4"]
[EventCountry "CAN"]

1. d4 d5 2. c4 Bf5 3. Nc3 Nf6 4. Bf4 e6 5. e3 dxc4 6. Bxc4 Bd6 7. Bxd6 Qxd6 8.
Nf3 O-O 9. O-O a6 10. Re1 Nbd7 11. e4 Qb4 12. exf5 Qxc4 13. fxe6 fxe6 14. Rc1
c6 15. b3 Qb4 16. Rxe6 c5 17. d5 c4 18. Qd4 b5 19. bxc4 bxc4 20. Rb1 Qa3 21.
Qxc4 Rac8 22. Rc6 Rcd8 23. Rxa6 Qc5 24. Qxc5 Nxc5 25. Ra7 Rfe8 26. Rb5 Nxd5 27.
Nxd5 Rxd5 28. h3 Rd1+ 29. Kh2 Ne4 30. Rbb7 Red8 31. Rxg7+ Kf8 32. Rxh7 Kg8 33.
Rag7+ Kf8 34. Ne5 R1d6 35. Ng6+ Rxg6 36. Rxg6 Re8 37. Rh8+ 1-0

[Event "Paul Keres mem (28th)"]
[Site "Vancouver CAN"]
[Date "2003.05.16"]
[Round "1"]
[White "Angelvette, Duane"]
[Black "Oszvald, Joseph"]
[Result "0-1"]
[WhiteElo "1670"]
[BlackElo "2097"]
[PlyCount "66"]
[EventDate "2003.05.16"]
[EventType "swiss"]
[EventRounds "7"]
[EventCountry "CAN"]
[Source "Mark Crowther"]
[SourceDate "2003.05.26"]

1. e4 g6 2. d4 Bg7 3. Nc3 c5 4. Nf3 cxd4 5. Nxd4 Nc6 6. Be3 d6 7. Qd2 Nf6 8. h3
Bd7 9. f4 O-O 10. Nf3 Qa5 11. Be2 Rac8 12. O-O a6 13. f5 b5 14. Qe1 b4 15. Nd5
Nxd5 16. exd5 Qxd5 17. Rd1 Qxa2 18. fxg6 hxg6 19. Qh4 Bf6 20. Bg5 Qxb2 21. Rxd6
Be6 22. Rxe6 fxe6 23. Bc4 Nd4 24. Bd3 Nxf3+ 25. gxf3 Qd4+ 26. Qxd4 Bxd4+ 27.
Kg2 Kf7 28. Bxa6 Rxc2+ 29. Kg3 b3 30. Bd3 Rc3 31. Be4 b2 32. Rb1 Rc5 33. h4
Rfc8 0-1

[Event "Paul Keres mem (28th)"]
[Site "Vancouver CAN"]
[Date "2003.05.16"]
[Round "1"]
[White "Azmitia, Eduardo"]
[Black "Wu, Howard"]
[Result "0-1"]
[WhiteElo "1794"]
[BlackElo "2136"]
[PlyCount "80"]
[EventDate "2003.05.16"]
[EventType "swiss"]
[EventRounds "7"]
[EventCountry "CAN"]
[Source "Mark Crowther"]
[SourceDate "2003.05.26"]

1. Nf3 c5 2. g3 Nc6 3. Bg2 g6 4. d3 Bg7 5. O-O d6 6. e4 Nf6 7. c3 O-O 8. Nbd2
e5 9. Nc4 Be6 10. Ne3 h6 11. Nh4 Rc8 12. Nd5 Bxd5 13. exd5 Ne7 14. c4 g5 15.
Nf3 Nd7 16. h4 g4 17. Nh2 f5 18. Rb1 Nf6 19. f3 gxf3 20. Bxf3 Qd7 21. b4 cxb4
22. Rxb4 e4 23. dxe4 fxe4 24. Bg4 Nxg4 25. Nxg4 Rxf1+ 26. Kxf1 h5 27. Nh6+ Bxh6
28. Bxh6 Qh3+ 29. Kf2 Qh2+ 30. Kf1 Qh1+ 31. Ke2 Qg2+ 32. Ke1 Qxg3+ 33. Kd2 Qd3+
34. Kc1 Qc3+ 35. Qc2 Qxb4 36. Qg2+ Kf7 37. Qg7+ Ke8 38. Qb2 Qe1+ 39. Kc2 Rxc4+
40. Kb3 Qb4# 0-1

[Event "Paul Keres mem (28th)"]
[Site "Vancouver CAN"]
[Date "2003.05.16"]
[Round "1"]
[White "Booker, Brad"]
[Black "Stephens, Desmond"]
[Result "1-0"]
[WhiteElo "2116"]
[BlackElo "1761"]
[PlyCount "91"]
[EventDate "2003.05.16"]
[EventType "swiss"]
[EventRounds "7"]
[EventCountry "CAN"]
[Source "Mark Crowther"]
[SourceDate "2003.05.26"]

1. Nf3 d6 2. g3 e5 3. d3 Nf6 4. Bg2 Nc6 5. Nc3 Bg4 6. Bd2 h6 7. h3 Be6 8. e4
Be7 9. O-O Qd7 10. Kh2 g5 11. Ng1 h5 12. b4 Nd4 13. Nd5 Nxd5 14. exd5 Bg4 15.
Qc1 f6 16. f3 Bf5 17. c3 Bxd3 18. cxd4 Bxf1 19. Qxf1 O-O-O 20. Rc1 Kb8 21. Qc4
f5 22. Ne2 f4 23. h4 Bf6 24. hxg5 Bxg5 25. gxf4 exf4 26. Bh3 Qg7 27. Rg1 Qf6
28. Be6 Rh7 29. Qd3 Rg7 30. Qf5 Rf8 31. Qxf6 Rxf6 32. Kh3 Rfg6 33. Bxf4 Bxf4
34. Rxg6 Rxg6 35. Nxf4 Rg1 36. Nxh5 c6 37. f4 Kc7 38. f5 Kd8 39. f6 Ke8 40.
Ng7+ Kf8 41. Nf5 cxd5 42. Bxd5 Rg6 43. f7 b6 44. Kh4 a5 45. bxa5 bxa5 46. Kh5
1-0

[Event "Paul Keres mem (28th)"]
[Site "Vancouver CAN"]
[Date "2003.05.16"]
[Round "1"]
[White "Chapman, Erik"]
[Black "Milicevic, Dragoljub"]
[Result "0-1"]
[WhiteElo "2021"]
[BlackElo "2224"]
[PlyCount "68"]
[EventDate "2003.05.16"]
[EventType "swiss"]
[EventRounds "7"]
[EventCountry "CAN"]
[Source "Mark Crowther"]
[SourceDate "2003.05.26"]

1. e4 g6 2. Bc4 Bg7 3. f4 e6 4. Nc3 Ne7 5. Bb3 d5 6. e5 a6 7. a4 c5 8. d3 Nbc6
9. Nce2 h5 10. c3 d4 11. Nf3 Nf5 12. Ng3 Nxg3 13. hxg3 b6 14. Ng5 Ra7 15. Bc2
Rd7 16. Ne4 Bb7 17. Nd6+ Rxd6 18. exd6 dxc3 19. Rb1 Qxd6 20. bxc3 Bxc3+ 21. Bd2
Bb4 22. O-O a5 23. Bc1 Nd4 24. Bb2 Qd5 25. Rf2 h4 26. Bxd4 Qxd4 27. Qg4 hxg3
28. Qxg3 Qd6 29. Qe3 Bc3 30. Rb3 Bd4 31. Qd2 Qd5 32. Kf1 Rh1+ 33. Ke2 Qh5+ 34.
Rf3 Bxf3+ 0-1

[Event "Paul Keres mem (28th)"]
[Site "Vancouver CAN"]
[Date "2003.05.16"]
[Round "1"]
[White "Davies, Lucas"]
[Black "Kostadinov, Georgi"]
[Result "1-0"]
[WhiteElo "1980"]
[BlackElo "2188"]
[PlyCount "89"]
[EventDate "2003.05.16"]
[EventType "swiss"]
[EventRounds "7"]
[EventCountry "CAN"]
[Source "Mark Crowther"]
[SourceDate "2003.05.26"]

1. e4 c5 2. Nc3 Nc6 3. g3 g6 4. Bg2 Bg7 5. d3 e6 6. Be3 d6 7. Qd2 Rb8 8. Nge2
Bd7 9. d4 Na5 10. Qd3 c4 11. Qd2 b5 12. a3 Qc7 13. O-O h5 14. d5 e5 15. f4 exf4
16. gxf4 Nf6 17. e5 Ng4 18. exd6 Qxd6 19. Bxa7 Rd8 20. Ne4 Qc7 21. Bd4 Bxd4+
22. Qxd4 O-O 23. h3 f5 24. hxg4 fxe4 25. gxh5 Bg4 26. Qxe4 Qb6+ 27. Qd4 Qd6 28.
Nc3 Nc6 29. Qb6 Ne7 30. Qxd6 Rxd6 31. Nxb5 Rb6 32. Nd4 gxh5 33. b4 Bd7 34. c3
Nf5 35. Nxf5 Bxf5 36. Kh2 Kf7 37. Bh3 Kf6 38. Bxf5 Kxf5 39. a4 Rd6 40. Rad1 Rg8
41. Rg1 Rg4 42. Rxg4 Kxg4 43. a5 h4 44. b5 h3 45. a6 1-0

[Event "Paul Keres mem (28th)"]
[Site "Vancouver CAN"]
[Date "2003.05.16"]
[Round "1"]
[White "Ferguson, Jim"]
[Black "Fleming, Balin"]
[Result "1-0"]
[WhiteElo "2186"]
[BlackElo "1974"]
[PlyCount "99"]
[EventDate "2003.05.16"]
[EventType "swiss"]
[EventRounds "7"]
[EventCountry "CAN"]
[Source "Mark Crowther"]
[SourceDate "2003.05.26"]

1. e4 c5 2. Nf3 d6 3. d4 cxd4 4. Nxd4 Nf6 5. Nc3 g6 6. f4 Nc6 7. Nxc6 bxc6 8.
e5 dxe5 9. Qxd8+ Kxd8 10. fxe5 Nd5 11. Bd2 Bg7 12. Nxd5 cxd5 13. Bc3 Bf5 14.
O-O-O e6 15. Bd3 Rc8 16. Bxf5 gxf5 17. Rhe1 Rc4 18. Rd4 Rxd4 19. Bxd4 Kd7 20.
Kd2 a6 21. Kd3 Bh6 22. Be3 Bg7 23. Bd4 Bh6 24. a4 Rg8 25. g3 Rg4 26. b4 Re4 27.
Re2 Kc6 28. c3 Bg5 29. Rb2 Bd8 30. b5+ axb5 31. axb5+ Kb7 32. b6 h5 33. Ra2
Bxb6 34. Rb2 Rxd4+ 35. cxd4 Kc6 36. h3 Bd8 37. Rb8 Kd7 38. Ra8 h4 39. gxh4 Bxh4
40. Ke3 f6 41. Ra7+ Ke8 42. Rb7 fxe5 43. dxe5 Bg3 44. Kd4 Bf2+ 45. Kd3 Bg3 46.
Rb2 Kf7 47. Kd4 Kg6 48. Rb8 Kf7 49. Rb7+ Kg6 50. Re7 1-0

[Event "Paul Keres mem (28th)"]
[Site "Vancouver CAN"]
[Date "2003.05.16"]
[Round "1"]
[White "Fullbrook, Nigel"]
[Black "Krzyzowski, Ernest"]
[Result "1-0"]
[WhiteElo "2175"]
[BlackElo "1811"]
[PlyCount "73"]
[EventDate "2003.05.16"]
[EventType "swiss"]
[EventRounds "7"]
[EventCountry "CAN"]
[Source "Mark Crowther"]
[SourceDate "2003.05.26"]

1. e4 Nf6 2. Nc3 d5 3. e5 d4 4. exf6 dxc3 5. fxg7 cxd2+ 6. Qxd2 Qxd2+ 7. Bxd2
Bxg7 8. O-O-O Be6 9. Ne2 Nd7 10. Bc3 O-O 11. Bxg7 Kxg7 12. Nd4 Nc5 13. f3 Rad8
14. b4 Na4 15. Nxe6+ fxe6 16. Bc4 Nc3 17. Rxd8 Rxd8 18. Bxe6 Ne2+ 19. Kb2 Rd2
20. Bc4 Nf4 21. g3 Ng6 22. f4 h5 23. Re1 Rxh2 24. f5 Nf8 25. Rxe7+ Kh6 26. Rxc7
Rg2 27. Rxb7 Rxg3 28. Rxa7 h4 29. Bd5 h3 30. b5 h2 31. Re7 Rg5 32. Re2 Rh5 33.
Bh1 Kg5 34. Rd2 Nh7 35. b6 Nf6 36. b7 Rh8 37. Rxh2 1-0

[Event "Paul Keres mem (28th)"]
[Site "Vancouver CAN"]
[Date "2003.05.16"]
[Round "1"]
[White "Harris, Philip"]
[Black "Balbutin, Nelson"]
[Result "0-1"]
[WhiteElo "1998"]
[BlackElo "1968"]
[PlyCount "50"]
[EventDate "2003.05.16"]
[EventType "swiss"]
[EventRounds "7"]
[EventCountry "CAN"]
[Source "Mark Crowther"]
[SourceDate "2003.05.26"]

1. d4 Nf6 2. Bg5 e6 3. e4 h6 4. Bxf6 Qxf6 5. Nf3 d6 6. Nc3 c6 7. Be2 e5 8. Qd2
Be7 9. O-O O-O 10. Rad1 b5 11. Ne1 Qg6 12. a3 a5 13. b4 axb4 14. axb4 Bg5 15.
Qd3 Ra3 16. Nf3 Be6 17. Nxg5 Qxg5 18. Ra1 Bc4 19. Rxa3 Bxd3 20. Bxd3 exd4 21.
Ne2 Qd2 22. Rb1 Nd7 23. Nxd4 Ne5 24. Nf5 g6 25. Nxd6 Ng4 0-1

[Event "Paul Keres mem (28th)"]
[Site "Vancouver CAN"]
[Date "2003.05.16"]
[Round "1"]
[White "Kerry, James"]
[Black "Spears, Nicholas"]
[Result "1/2-1/2"]
[WhiteElo "2016"]
[BlackElo "2212"]
[PlyCount "107"]
[EventDate "2003.05.16"]
[EventType "swiss"]
[EventRounds "7"]
[EventCountry "CAN"]
[Source "Mark Crowther"]
[SourceDate "2003.05.26"]

1. e4 e6 2. Nf3 d5 3. Nc3 Nf6 4. e5 Nfd7 5. d4 c5 6. dxc5 Bxc5 7. Bf4 Nc6 8.
Bd3 h6 9. Qe2 Bb4 10. O-O Nc5 11. Nb5 Nxd3 12. Qxd3 O-O 13. Be3 b6 14. Nbd4
Nxd4 15. Nxd4 Qd7 16. f4 f5 17. c3 Be7 18. g4 g6 19. gxf5 gxf5 20. Kh1 Kh7 21.
Rg1 Bb7 22. Rg3 Rg8 23. Rag1 Rxg3 24. Rxg3 Rg8 25. Rxg8 Kxg8 26. Bf2 Kh7 27.
Kg1 Qc8 28. h3 Ba6 29. Qd1 Bc5 30. Bh4 Qe8 31. Kh2 Bc4 32. a3 a5 33. Bf6 Ba6
34. Qg1 Bf8 35. Qd1 Bc5 36. Qg1 Bf8 37. Qd1 Bc4 38. Bh4 Bc5 39. Bf6 Bb5 40. Qg1
Bf8 41. Qd1 Ba4 42. Qe2 Bd7 43. Qa6 Qb8 44. Qe2 Qc8 45. Qh5 Be8 46. Qe2 Bc5 47.
Qg2 Bf8 48. Qe2 Qd7 49. Qa6 Bc5 50. Qd3 Bxd4 51. Qxd4 Qb5 52. Qf2 Qc4 53. Qg3
Qe2+ 54. Qg2 1/2-1/2

[Event "Paul Keres mem (28th)"]
[Site "Vancouver CAN"]
[Date "2003.05.16"]
[Round "1"]
[White "Mandic, Slaven"]
[Black "Neven, Knut"]
[Result "0-1"]
[WhiteElo "2037"]
[BlackElo "2305"]
[PlyCount "84"]
[EventDate "2003.05.16"]
[EventType "swiss"]
[EventRounds "7"]
[EventCountry "CAN"]
[Source "Mark Crowther"]
[SourceDate "2003.05.26"]

1. f4 d5 2. b3 Nf6 3. e3 g6 4. Bb2 Bg7 5. Nf3 O-O 6. Be2 c5 7. O-O Nc6 8. Ne5
Qc7 9. d4 Ne4 10. Bf3 Rd8 11. c3 b6 12. Bxe4 dxe4 13. Nd2 Ba6 14. Nxe4 Bxf1 15.
Qxf1 cxd4 16. exd4 Nxe5 17. fxe5 Qc6 18. Qf3 Rac8 19. Rf1 f5 20. exf6 exf6 21.
Nxf6+ Bxf6 22. Qxf6 Qxf6 23. Rxf6 Rf8 24. Rxf8+ Rxf8 25. c4 Rf5 26. b4 b5 27.
cxb5 Rxb5 28. a3 Kf7 29. Kf2 Ke6 30. Ke3 Rg5 31. g3 Kd5 32. Kf3 Rf5+ 33. Ke2
Kc4 34. g4 Rf4 35. h3 Kb3 36. Bc1 Rxd4 37. Be3 Rd7 38. Kf3 Kxa3 39. Bc5 Rf7+
40. Kg3 Ka4 41. h4 Kb5 42. g5 a5 0-1

[Event "Paul Keres mem (28th)"]
[Site "Vancouver CAN"]
[Date "2003.05.16"]
[Round "1"]
[White "Martinson, Rick"]
[Black "North, Robert"]
[Result "0-1"]
[WhiteElo "1810"]
[BlackElo "2156"]
[PlyCount "60"]
[EventDate "2003.05.16"]
[EventType "swiss"]
[EventRounds "7"]
[EventCountry "CAN"]
[Source "Mark Crowther"]
[SourceDate "2003.05.26"]

1. d4 Nf6 2. c4 g6 3. Nc3 d5 4. Nf3 Bg7 5. e3 O-O 6. cxd5 Nxd5 7. Bc4 Nb6 8.
Bb3 Na6 9. O-O c5 10. dxc5 Nxc5 11. Bc2 a6 12. Qe2 Be6 13. Nd2 Qc7 14. Rb1 Rac8
15. Nce4 Nxe4 16. Bxe4 Bxa2 17. Ra1 Bd5 18. Bd3 Rfd8 19. Ra3 Nc4 20. Nxc4 Bxc4
21. Bxc4 Qxc4 22. Qxc4 Rxc4 23. Ra1 Rb4 24. Rb1 a5 25. b3 a4 26. Ba3 Rxb3 27.
Bxe7 Rd7 28. Bg5 h6 29. Bf4 Rxb1 30. Rxb1 a3 0-1

[Event "Paul Keres mem (28th)"]
[Site "Vancouver CAN"]
[Date "2003.05.16"]
[Round "1"]
[White "McCusky, Louis"]
[Black "Ivankovic, Goran"]
[Result "0-1"]
[WhiteElo "1527"]
[BlackElo "1993"]
[PlyCount "36"]
[EventDate "2003.05.16"]
[EventType "swiss"]
[EventRounds "7"]
[EventCountry "CAN"]
[Source "Mark Crowther"]
[SourceDate "2003.05.26"]

1. e4 c5 2. Nf3 e6 3. d4 cxd4 4. Nxd4 a6 5. Be2 Qc7 6. O-O b5 7. a3 Bb7 8. Bf3
d6 9. Nc3 Nf6 10. Bg5 Be7 11. Qd2 Nbd7 12. g3 h6 13. Bxf6 gxf6 14. Bh5 Kf8 15.
Qe2 Qc5 16. Rad1 Rg8 17. Bxf7 Kxf7 18. Qh5+ Qxh5 0-1

[Event "Paul Keres mem (28th)"]
[Site "Vancouver CAN"]
[Date "2003.05.16"]
[Round "1"]
[White "Meng, Fanhao"]
[Black "Beqo, Besnik"]
[Result "1-0"]
[WhiteElo "2211"]
[BlackElo "2211"]
[PlyCount "73"]
[EventDate "2003.05.16"]
[EventType "swiss"]
[EventRounds "7"]
[EventCountry "CAN"]
[Source "Mark Crowther"]
[SourceDate "2003.05.26"]

1. e4 c5 2. c3 d6 3. d4 Nf6 4. Bd3 g6 5. Nf3 Bg7 6. O-O O-O 7. h3 cxd4 8. cxd4
Nc6 9. Nc3 a6 10. Be3 b5 11. d5 Ne5 12. Nxe5 dxe5 13. Qb3 Rb8 14. Qc2 Ne8 15.
b4 Nd6 16. a4 f5 17. axb5 axb5 18. Ra5 Bd7 19. Ba7 Rb7 20. Bc5 Qc7 21. Qe2 fxe4
22. Bxb5 Rfb8 23. Bxd7 Qxd7 24. Nxe4 Rxb4 25. Bxb4 Rxb4 26. Ra8+ Kf7 27. Ng5+
Kf6 28. Nxh7+ Kf7 29. Ng5+ Kf6 30. Ne6 Nf5 31. Qa6 Qd6 32. Qc8 Qxd5 33. Nxg7
Nxg7 34. Ra6+ Kf7 35. Ra8 Kf6 36. Qh8 g5 37. Rg8 1-0

[Event "Paul Keres mem (28th)"]
[Site "Vancouver CAN"]
[Date "2003.05.16"]
[Round "1"]
[White "Moura, Eduardo"]
[Black "Steininger, Gavin"]
[Result "1-0"]
[WhiteElo "2146"]
[BlackElo "1859"]
[PlyCount "63"]
[EventDate "2003.05.16"]
[EventType "swiss"]
[EventRounds "7"]
[EventCountry "CAN"]
[Source "Mark Crowther"]
[SourceDate "2003.05.26"]

1. e4 c5 2. Nf3 d6 3. d4 cxd4 4. Qxd4 Nc6 5. Bb5 Bd7 6. Bxc6 Bxc6 7. Nc3 Nf6 8.
Bg5 e5 9. Qd3 Qb6 10. Bxf6 gxf6 11. O-O Be7 12. Nh4 O-O-O 13. Nf5 Bf8 14. Nd5
Bxd5 15. Qxd5 Rd7 16. b3 Qc5 17. Rad1 Qxd5 18. Rxd5 Rg8 19. Rfd1 Kc7 20. c4 Rg4
21. f3 Rg5 22. c5 Rxf5 23. exf5 Kc6 24. Kf2 Be7 25. Kg3 Rd8 26. Kh4 b6 27. cxd6
Bxd6 28. Kh5 a5 29. h4 h6 30. Rxd6+ Rxd6 31. Rxd6+ Kxd6 32. Kxh6 1-0

[Event "Paul Keres mem (28th)"]
[Site "Vancouver CAN"]
[Date "2003.05.16"]
[Round "1"]
[White "Neufahrt, Gerhard"]
[Black "Basanta, Gary"]
[Result "0-1"]
[WhiteElo "2044"]
[BlackElo "2410"]
[PlyCount "52"]
[EventDate "2003.05.16"]
[EventType "swiss"]
[EventRounds "7"]
[EventCountry "CAN"]
[Source "Mark Crowther"]
[SourceDate "2003.05.26"]

1. Nf3 c5 2. e4 d6 3. c3 Qa5 4. Na3 Nf6 5. Nc4 Qc7 6. e5 dxe5 7. Ncxe5 e6 8.
Bb5+ Bd7 9. Qe2 Bd6 10. Nxd7 Nbxd7 11. d4 O-O 12. Bg5 Nd5 13. Bxd7 Qxd7 14.
dxc5 Bxc5 15. Rd1 Qa4 16. b3 Qg4 17. h3 Qf5 18. g4 Qg6 19. Rd3 f5 20. Bd2 fxg4
21. hxg4 Qxg4 22. Rg1 Qf5 23. b4 Bb6 24. c4 Nf4 25. Bxf4 Qxf4 26. c5 Qxb4+ 0-1

[Event "Paul Keres mem (28th)"]
[Site "Vancouver CAN"]
[Date "2003.05.16"]
[Round "1"]
[White "Poitras, Luc"]
[Black "Kosinski, George"]
[Result "1/2-1/2"]
[WhiteElo "2233"]
[BlackElo "2001"]
[PlyCount "56"]
[EventDate "2003.05.16"]
[EventType "swiss"]
[EventRounds "7"]
[EventCountry "CAN"]
[Source "Mark Crowther"]
[SourceDate "2003.05.26"]

1. e4 d6 2. d4 Nf6 3. Nc3 g6 4. f4 Bg7 5. Nf3 c5 6. dxc5 Qa5 7. Bd3 Qxc5 8. Qe2
Bg4 9. Be3 Qa5 10. O-O Nc6 11. a3 Nd7 12. Qe1 O-O 13. b4 Qd8 14. Rb1 Rc8 15.
Ne2 Nb6 16. b5 Nb8 17. Qb4 d5 18. e5 e6 19. a4 N8d7 20. Nd2 Bxe2 21. Bxe2 Re8
22. a5 Bf8 23. Qb3 Nc5 24. Bxc5 Bxc5+ 25. Kh1 Nd7 26. Qh3 Qxa5 27. Nf3 Be7 28.
Bd3 Qb6 1/2-1/2

[Event "Paul Keres mem (28th)"]
[Site "Vancouver CAN"]
[Date "2003.05.16"]
[Round "1"]
[White "Tang, Edward"]
[Black "Griffiths, Morgan"]
[Result "1/2-1/2"]
[WhiteElo "1855"]
[BlackElo "2181"]
[PlyCount "52"]
[EventDate "2003.05.16"]
[EventType "swiss"]
[EventRounds "7"]
[EventCountry "CAN"]
[Source "Mark Crowther"]
[SourceDate "2003.05.26"]

1. e4 d6 2. d4 Nf6 3. Nc3 g6 4. Be3 c6 5. h3 Nbd7 6. f4 b5 7. Bd3 Nb6 8. b3 Bg7
9. Nf3 Rb8 10. O-O O-O 11. Qd2 Bb7 12. Rad1 Qc8 13. f5 b4 14. Ne2 c5 15. e5 Ne4
16. Bxe4 Bxe4 17. f6 exf6 18. exf6 Bxf6 19. Ng5 Bxg5 20. Bxg5 cxd4 21. Nxd4 Nd5
22. Rde1 f5 23. Bh6 Rf7 24. Qf2 Re7 25. Bg5 Re5 26. Kh2 Rb7 1/2-1/2

[Event "Paul Keres mem (28th)"]
[Site "Vancouver CAN"]
[Date "2003.05.16"]
[Round "1"]
[White "Tegzes, Laszlo"]
[Black "Chan, James"]
[Result "1/2-1/2"]
[WhiteElo "2178"]
[BlackElo "1965"]
[PlyCount "64"]
[EventDate "2003.05.16"]
[EventType "swiss"]
[EventRounds "7"]
[EventCountry "CAN"]
[Source "Mark Crowther"]
[SourceDate "2003.05.26"]

1. e4 e6 2. d4 d5 3. exd5 exd5 4. Bd3 Bd6 5. Nf3 Bg4 6. O-O Ne7 7. c3 Nbc6 8.
Re1 Qd7 9. Nbd2 O-O 10. Nf1 Bh5 11. Ng3 Bg6 12. Nh4 Bxd3 13. Qxd3 f5 14. f4 Kh8
15. Nf3 Rae8 16. Ne5 Qc8 17. Bd2 Nd8 18. Qf3 g6 19. h4 Kg7 20. h5 Ne6 21. hxg6
hxg6 22. Kf2 Rh8 23. Rh1 Rxh1 24. Rxh1 Rh8 25. Re1 c6 26. Qe2 Nc7 27. c4 Ng8
28. c5 Be7 29. Nf3 Bf6 30. Bc3 Nh6 31. Ne5 Nf7 32. Qf3 Ne6 1/2-1/2